Potentissima signora : canzoni e dialoghi scritti per Laura Betti /

Guardat en:
Dades bibliogràfiques
Autor principal: Pasolini, Pier Paolo (Autor)
Format: Llibre
Idioma:italià
Publicat: Milano : Longanesi, 1965
Col·lecció:Varia ; 11
Etiquetes: Afegir etiqueta
Sense etiquetes, Sigues el primer a etiquetar aquest registre!

MARC

LEADER 00000nam a22000007i 4500
001 IT\ICCU\SBL\0280345
003 ItRI
005 20260115232334.0
008 910930s1965 it |||||| ||||| |||||c
015 |2 IT  |a 651365 
040 |b ita  |c importazione bologna sebina 
041 7 |a ita  |2 ISO-639-2 
082 |a 792.6  |2 16 
130 0 |a Potentissima signora  |3 IT\ICCU\RMS\3068842 
245 0 0 |a Potentissima signora :  |b canzoni e dialoghi scritti per Laura Betti /  |c Pier Paolo Pasolini ... [et al.]. 
260 |a Milano :  |b Longanesi,  |c 1965 
300 |a 203 p. ;  |c 18 cm. 
700 1 |a Pasolini, Pier Paolo  |0 IT\ICCU\CFIV\001068  |4 aut 
830 0 |a Varia ;  |v 11  |0 IT\ICCU\SBL\0041304 
942 |2 ddc  |c BK  |n 0 
952 |0 0  |1 0  |4 0  |6 DOC_852_914000000000000_POT  |7 0  |9 24437  |a BO  |b BO  |d 2026-01-15  |i 698  |l 0  |o DOC 852.914 POT  |p BO698  |r 2026-01-15 23:23:34  |w 2026-01-15  |x [Sebina 5] [1 v.]  |y BK  |z 1 v. 
999 |c 20806  |d 20806